| 000 | 00829cad a22002055a 4500 | ||
|---|---|---|---|
| 001 | E149784 | ||
| 008 | 100423s2010 xxk 000 0 eng d | ||
| 035 | _a(Sirsi) u149784 | ||
| 041 | 0 | _aeng | |
| 110 | 2 |
_aSavills _92020 |
|
| 245 | 0 | 0 |
_aGround rents uncovered _bmaximising the value of your portfolio _h[electronic resource] |
| 260 |
_a[S.l.] _bSavills _c2010 |
||
| 520 | _aLooks at what ground rents are, and discusses ground rent investment. Looks at a case study of the sale and purchase of a residential ground rent portfolio. | ||
| 521 | _aAdvanced | ||
| 590 | _aKA | ||
| 651 | 4 |
_aUnited Kingdom _y |
|
| 690 | _aPROPERTY-PROPERTY FINANCE AND INVESTMENT | ||
| 856 | 4 | 0 |
_uhttps://www.savills.co.uk/research/Report.aspx?nodeID=11185# _zView the irem free of charge (requires registration) at www.savills.co.uk |
| 942 | _n0 | ||
| 999 |
_c110624 _d110624 |
||